| 000 | 00000nas##2200000za#4500 |
| 001 | 9.507050 |
| 003 | CaOODSP |
| 005 | 20200331213221 |
| 007 | cr ||||||||||| |
| 008 | 150406c2000||||xxc|| p o||||f| |0eng|d |
| 022 | |a1497-0163 |
| 040 | |aCaOODSP|beng |
| 043 | |an-cn--- |
| 086 | 1 |aF1-42/1E-pdf |
| 110 | 1 |aCanada. |bDepartment of Finance. |
| 245 | 10|aEconomic statement and budget update. Overview |h[electronic resource] |
| 260 | |aOttawa - Ontario : |bFinance Canada |c2000. |
| 310 | |aAnnual |
| 362 | 1 |aOctober 18, 2000 |
| 690 | 07|aEconomic forecasting|2gcpds |
| 775 | 08|tÉnoncé économique et mise à jour budgétaire. Aperçu |w(CaOODSP)9.503442 |